|
|
|
|
| LEADER |
00000nam0a2200000 4500 |
| 001 |
670609 |
| 005 |
20240508094153.0 |
| 010 |
|
|
|a 0-471-15496-2
|
| 010 |
|
|
|a 0-471-33328-X
|
| 090 |
|
|
|a 670609
|
| 100 |
|
|
|a 20240208d1999 mk|y0rusy50 ba
|
| 101 |
0 |
|
|a eng
|
| 102 |
|
|
|a US
|
| 105 |
|
|
|a a j 001yy
|
| 181 |
|
0 |
|a i
|b e
|
| 182 |
|
0 |
|a n
|
| 183 |
|
0 |
|a nc
|2 RDAcarrier
|
| 200 |
1 |
|
|a Advanced Engineering Mathematics
|e [textbook]
|f Erwin Kreyszig
|
| 203 |
|
|
|a Текст
|b визуальный
|c непосредственный
|
| 205 |
|
|
|a 8th edition
|
| 210 |
|
|
|a New York
|c John Wiles & Sons, INC
|d 1999
|
| 215 |
|
|
|a 1273, I-20 p.
|c il.
|
| 283 |
|
|
|a volume
|2 RDAcarrier
|
| 320 |
|
|
|a Index. p. I-1-I-20
|
| 606 |
1 |
|
|a Математика прикладная
|9 71627
|
| 606 |
|
|
|a инженерная математика
|
| 610 |
1 |
|
|a математические методы
|
| 610 |
1 |
|
|a математические модели
|
| 610 |
1 |
|
|a исчисления
|
| 610 |
1 |
|
|a дифференциальные уравнения
|
| 610 |
1 |
|
|a линейная алгебра
|
| 610 |
1 |
|
|a комплексный анализ
|
| 610 |
1 |
|
|a численные методы
|
| 610 |
1 |
|
|a теория вероятностей
|
| 610 |
1 |
|
|a статистика
|
| 610 |
1 |
|
|a математическая физика
|
| 610 |
1 |
|
|a инженерные задачи
|
| 610 |
1 |
|
|a учебные пособия
|
| 675 |
|
|
|a 51-7(075.8)
|v 4
|
| 700 |
|
1 |
|a Kreyszig
|b E.
|g Erwin
|
| 801 |
|
0 |
|a RU
|b 63413507
|c 20240208
|
| 942 |
|
|
|c BK
|